Central Library and Information Centre
Sibsagar Girls' College, Sivasagar : Assam

SAMIKHYA KE ABHINAV SOPAN (Record no. 11520)

MARC details
000 -LEADER
fixed length control field 00513cam a2200181ua 4500
008 - FIXED-LENGTH DATA ELEMENTS--GENERAL INFORMATION
fixed length control field 160513n II |||gr||||Z||||||hin
040 ## - CATALOGING SOURCE
Original cataloging agency MAIN
041 ## - LANGUAGE CODE
-- English
082 ## - DEWEY DECIMAL CLASSIFICATION NUMBER
Classification number 891.43 UPA
245 ## - TITLE STATEMENT
Title SAMIKHYA KE ABHINAV SOPAN
260 ## - PUBLICATION, DISTRIBUTION, ETC.
Place of publication, distribution, etc. MADHYA PRADESH:
Name of publisher, distributor, etc. SHIV SANKALPA SAHITYA PARISHAD ,
Date of publication, distribution, etc. 2014.
300 ## - PHYSICAL DESCRIPTION
Extent 124.:
Dimensions 20CM.
500 ## - GENERAL NOTE
General note F/C by CENTRAL HINDI DIRECTORATE DELHI on 13.10.2016
700 ## - ADDED ENTRY--PERSONAL NAME
Personal name UPADHYAYA, DR. PASHUPATI NATH ,
Relator term EDITOR.
942 ## - ADDED ENTRY ELEMENTS (KOHA)
Koha item type Books
653 ## - INDEX TERM--UNCONTROLLED
Uncontrolled term Hindi Books
Holdings
Withdrawn status Lost status Damaged status Not for loan Collection code Home library Current library Shelving location Date acquired Full call number Barcode Date last seen Copy number Price effective from Koha item type
        General Reference Central Library and Information Centre Sibsagar Girls College Central Library and Information Centre Sibsagar Girls College Hindi Books 27.02.2020 891.43 UPA 09822 27.02.2020 1 27.02.2020 Books


Sibsagar Girl's College © 2020. All rights reserved.
Powered by Koha.
Maintained by Abhijit Borpuzari.